000 00807cab a2200205 4500
001 ABS42350
008 090401t1990 xxu||||| |||| 00| 0 eng d
035 _a(Sirsi) u36319
041 _aeng
100 _aHarrison, J.
245 _aReview of the BES and property investment including assured tenancy residential lettings
260 _c1990
350 _a0
490 _aProperty Management
_v8(1) 1990, 12-16(5)
520 _aExamines the role of the Business Expansion Schemes in property investment focusing on the housing schemes which followed the introduction of assured tenancy residential lettings under Housing Act 1988 .
650 _aPROPERTY-RESIDENTIAL PROPERTY-RESIDENTIAL LANDLORD AND TENANT-RESIDENTIAL TENANCIES
690 _aHOUSING-FINANCE
942 _n0
948 _c04/03/1997
999 _c23628
_d23628